Actitudes lingüísticas de los costarricenses del Valle Central hacia las variedades dialectales de Nicaragua y Colombia
Gardado en:
| Autor Principal: | |
|---|---|
| Formato: | Desconocido |
| Idioma: | Spanish |
| Publicado: |
Costa Rica
Universidad de Costa Rica
2015
|
| Materias: | |
| Etiquetas: |
Engadir etiqueta
Sen Etiquetas, Sexa o primeiro en etiquetar este rexistro!
|
MARC
| LEADER | 00000 a2200000 4500 | ||
|---|---|---|---|
| 008 | 190624b ||||| |||| 00| 0 spa d | ||
| 999 | |c 30736 |d 30736 | ||
| 040 | |a cru BVZT | ||
| 090 | |a TESIS 945 | ||
| 100 | |a Mora Fonseca, Marco Antonio | ||
| 245 | |a Actitudes lingüísticas de los costarricenses del Valle Central hacia las variedades dialectales de Nicaragua y Colombia |c Marco Antonio Mora Fonseca | ||
| 260 | |a Costa Rica |b Universidad de Costa Rica |c 2015 | ||
| 300 | |a 154 páginas | ||
| 650 | 0 | |9 237 |a TRABAJO FINAL DE GRADUACIÓN | |
| 650 | 0 | |9 55 |a LINGÜÍSTICA | |
| 653 | |a MAESTRÍA ACADÉMICA EN LINGÜÍSTICA | ||
| 653 | |a ACTITUDES LINGÜÍSTICAS |a COSTARRICENSES |a VALLE CENTRAL | ||
| 653 | |a VARIEDADES DIALECTALES |a NICARAGUA |a COLOMBIA | ||
| 942 | |2 z |c TFG |j TFG | ||
